000 00680nam a22002417a 4500
003 OSt
005 20140310181925.0
008 130720t xxu||||| |||| 00| 0 eng d
020 _a043935529x
050 _aLB 1528
_b.N938 2002
082 _aTRE 425.07
_bN85 2002
100 _aNovelli, Joan
_92349
245 _aBest-ever activities for grades 2-3 :
_bgrammar /
_cJoan Novelli
260 _aNew York :
_bScholastic Inc,
_cc2002.
300 _a48 p.
_bill. ;
_c28 cm.
521 _aFaculty
541 _j1
541 _j2
541 _j3
562 _e3
650 _aEnglish language
_xGrammar
_xStudy and teaching
_92350
942 _2lcc
_cBK-TR
_kTRE
999 _c7168
_d7168